[Event "Corus A"]
[Site "Wijk aan Zee NED"]
[Date "2007.01.28"]
[Round "13"]
[White "Carlsen, M."]
[Black "Shirov, A."]
[Result "1/2-1/2"]
[WhiteElo "2690"]
[BlackElo "2715"]
[PlyCount "119"]
[EventDate "2007.01.13"]
[SourceDate "1999.07.01"]

1. e4 e5 2. Nf3 Nc6 3. Bb5 a6 4. Ba4 Nf6 5. O-O Be7 6. Re1 b5 7. Bb3 O-O 8. a3
d6 9. c3 Na5 10. Bc2 c5 11. d4 Nd7 12. b4 cxb4 13. cxb4 Nc4 14. Nc3 Ndb6 15. h3
exd4 16. Nxd4 Bf6 17. Rb1 Bd7 18. Rb3 Re8 19. f4 Rc8 20. Kh1 g6 21. Rf1 Bg7 22.
Nce2 Na4 23. f5 Nab6 24. Nf4 Qf6 25. fxg6 fxg6 26. Nf5 Kh8 27. Nxg7 Qxg7 28.
Rg3 Rf8 29. e5 Nxe5 30. Bb2 Nbc4 31. Nxg6+ hxg6 32. Rxf8+ Rxf8 33. Bxg6 Bg4 34.
Rxg4 Qf6 35. Bd4 Qf1+ 36. Qxf1 Rxf1+ 37. Kh2 Nxa3 38. Bd3 Rd1 39. Rg3 Nac4 40.
h4 Nd2 41. Bc3 Ndc4 42. h5 Nb6 43. h6 Nd5 44. Rf3 Nf6 45. Bf5 Ng8 46. h7 Nf6
47. Rh3 Rf1 48. g4 Rf4 49. Rg3 Kg7 50. Rh3 Kh8 51. Rg3 Kg7 52. Kg2 Nxh7 53. Rd3
Nf6 54. Rxd6 Nexg4 55. Bxg4 Rxg4+ 56. Kf3 Rg6 57. Rxa6 Kf7 58. Ra7+ Ke6 59.
Ra6+ Kf7 60. Rxf6+ 1/2-1/2

[Event "5th Final Masters"]
[Site "Bilbao ESP"]
[Date "2012.09.25"]
[Round "2"]
[White "Vallejo Pons, F."]
[Black "Carlsen, M."]
[Result "0-1"]
[WhiteElo "2697"]
[BlackElo "2843"]
[PlyCount "83"]
[EventDate "2012.09.24"]
[SourceDate "1999.07.01"]

1. e4 d6 2. d4 Nf6 3. Nc3 e5 4. dxe5 dxe5 5. Qxd8+ Kxd8 6. Nf3 Bd6 7. Bg5 Be6
8. O-O-O Nbd7 9. Nb5 Ke7 10. Nxd6 cxd6 11. Bb5 Rhd8 12. Nd2 h6 13. Bh4 g5 14.
Bg3 a6 15. Bxd7 Rxd7 16. f3 Rc8 17. Kb1 Nh5 18. Nf1 f5 19. exf5 Bxf5 20. Ne3
Bg6 21. Rd2 Ke6 22. b3 b5 23. Kb2 d5 24. Re1 Nxg3 25. hxg3 h5 26. c3 d4 27.
cxd4 Rxd4 28. Rxd4 exd4 29. Nc2+ Kd5 30. Nb4+ Kd6 31. Rc1 Rxc1 32. Kxc1 h4 33.
gxh4 gxh4 34. Nxa6 Bd3 35. Nb4 Bf1 36. Kd2 Bxg2 37. Ke2 Bh3 38. a4 Bf5 39. axb5
d3+ 40. Ke3 h3 41. Nxd3 Bxd3 42. Kd4 0-1